000 01060cab a2200205 4500
001 ##L136293
008 070123n2007 000 0 eng u
035 _a(Sirsi) u136293
041 0 _aeng
100 1 _aTebbit, John
245 0 0 _aWhat is zero carbon?
260 _c2007
490 0 _aContract Journal
_v436(6608) 17 January 2007, 35(1)
520 _aAttempts to clarify the various terms used in the zero carbon buildings debate. Defines zero carbon as absolutely no emissions of carbon dioxide and explains what this means for energy generation (use of solar, wind and hydroelectric) and for a building to be zero carbon. Also looks at the terms zero net carbon and carbon neutral, explaining how these can be achieved. Concludes by outlining the different levels in the "Code for sustainable homes" (L135998) and requesting clarity from government on the code and definitions.
590 _aKA
650 2 4 _aDCLG CODE FOR SUSTAINABLE HOMES
651 4 _aEngland and Wales
_y1543-
690 _aBUILT ENVIRONMENT-BUILDING STANDARDS
942 _n0
999 _c78236
_d78236